[Event "EUSA-ch Open 2019"]
[Site "Budapest"]
[Date "2019.07.26"]
[Round "5.2"]
[White "Kaczur, Florian"]
[Black "Predke, Alexandr"]
[Result "0-1"]
[WhiteElo "2463"]
[BlackElo "2632"]
[Annotator "TA"]
[PlyCount "126"]
[EventDate "2019.07.23"]
[EventType "team-tourn"]
[EventCountry "HUN"]
[SourceTitle "playchess.com"]
[Source "ChessBase"]
[SourceQuality "1"]

{[%evp 23,126,14,26,8,2,-20,3,0,0,-29,-2,-37,-39,-44,-43,-50,0,-19,6,0,47,49,48,-22,-16,-56,-59,-28,-33,-107,-92,-99,-35,-35,-31,-43,9,-68,-58,-125,-122,-137,-58,-89,-8,-8,0,0,0,0,0,0,0,0,0,0,0,-8,-8,-15,-8,-8,-8,-8,-8,-8,-7,-8,0,0,0,-70,-70,-70,-70,-70,-70,-70,-70,-29984,-29985,-29985,-29985,-29986,-29987,-29986,-29986,-29985,-29981,-29978,0,-29985,-29986,-29987,-29988,-29988,-29989,-29989,-29989,-29991,-29992,-29992,-29993,-29995,-29996]} 1. e4 e5 2. Nf3 Nc6 3. Bb5 a6 4. Ba4 Nf6 5. d3 d6 6. c3 Be7 7. O-O O-O 8. Re1 b5 9. Bb3 Na5 10. Bc2 c5 11. Nbd2 {[%cal Bb1d2,Bd2f1,Bf1g3][%mdl 32]} Nc6 12. Nf1 h6 13. Ng3 {C90: Closed Ruy Lopez with 7...d6: Early deviations} Re8 14. a3 (14. h3 Be6 15. Nh2 Bf8 16. Qf3 d5 17. Ng4 Nxg4 18. hxg4 d4 19. Nf5 Rc8 20. Bd2 c4 21. Rad1 dxc3 22. bxc3 cxd3 23. Bxd3 {1-0 (37) Vachier Lagrave,M (2789)-Fressinet,L (2662) Riadh 2017}) 14... Bf8 15. b4 $146 {The position is equal.} ({Predecessor:} 15. h3 d5 16. d4 cxd4 17. cxd4 dxe4 18. Nxe4 Bf5 19. Nxf6+ Qxf6 20. dxe5 Nxe5 21. Rxe5 Rxe5 22. Nxe5 Qxe5 23. Bxf5 Qxf5 24. Be3 Rc8 25. Qg4 Qxg4 26. hxg4 Rc4 27. Rc1 {½-½ (27) Zhelnin,V (2475)-Malaniuk,V (2610) Krasnodar 1997}) 15... a5 {[%cal Ra5b4]} 16. bxa5 Rxa5 17. d4 exd4 18. cxd4 Bg4 19. Bb2 Nh5 20. Nf5 g6 21. h3 gxf5 (21... Bxf3 $5 22. Qxf3 gxf5 23. exf5 (23. Qxh5 Nxd4 24. Bxd4 cxd4 $11) 23... Nxd4 24. Bxd4 cxd4 25. Rxe8 (25. Qxh5 Rxa3 26. Qg4+ Qg5 $11) 25... Qxe8 26. Qxh5 Qe5 $11) 22. hxg4 fxg4 23. Nh2 (23. d5 $14 Bg7 24. Bxg7 gxf3 25. dxc6 (25. Qxf3 Ne5 $14) 25... Nxg7 26. Qxf3) 23... Nxd4 24. Nxg4 Qg5 25. Bxd4 cxd4 26. Qf3 (26. Bb3 $15) 26... Bg7 $17 27. Bb3 Nf6 (27... Nf4 $17 {aiming for ...Rc8.} 28. g3 Ne6) 28. Nxf6+ $15 Qxf6 29. Qd3 Rc8 (29... Re7 $15) 30. Rec1 (30. Rac1 $1 $11 Rc5 31. e5) 30... Rc5 31. Bd5 (31. Qg3 $15) 31... Qf4 32. Rc2 h5 ({Black should play} 32... Rxc2 $17 33. Qxc2 {[#]} d3 $1 {[%mdl 576] Discovered Attack} 34. Qc8+ Kh7) 33. g3 Qg5 (33... Qf6 $17 {With the idea ...h4.} 34. Raa2 h4) 34. Rb1 $11 h4 {...hxg3 is the strong threat.} 35. Rxc5 $1 dxc5 36. Rxb5 Qc1+ 37. Kg2 {Rb8+ would kill now.} Rxa3 38. Rb8+ Bf8 39. Qe2 {Intending Qg4+ and mate.} Qg5 $40 {[%cal Rh4g3][%mdl 128] Black attacks.} 40. Rb7 hxg3 41. Bxf7+ Kh8 42. f4 $1 {[%cal Rf4g5]} Qh4 {( -> ...Qh2+)} 43. Qh5+ Qxh5 44. Bxh5 {[%mdl 4096] Endgame KRB-KRB} c4 {Threatens to win with ...c3.} 45. e5 Re3 (45... c3 $5 46. Bg6 $8 c2 47. Bxc2 Ra2 48. Kxg3 Rxc2 $11) 46. Rc7 c3 {Black wants to play ...Bh6.} 47. Bg6 (47. Bf3 $11) 47... d3 $15 48. f5 Re2+ 49. Kxg3 Rxe5 ({Don't blunder} 49... d2 $2 50. f6 $18) 50. Rxc3 Re3+ (50... d2 $5 51. Bh5 $8 Rxf5 $11) 51. Kg4 $2 {[%mdl 8192] [#]} (51. Kf2 $15 d2 52. Rc8) 51... d2 $1 {[%mdl 512]} 52. Rxe3 d1=Q+ 53. Kg3 Bd6+ 54. Kg2 Qg4+ 55. Kf1 Qc4+ 56. Kg2 Qg4+ 57. Kf1 $1 Kg7 {Black mates.} 58. Ke1 Bb4+ 59. Kf1 Bc5 60. Rd3 Kf6 61. Ke1 Qe4+ {[%mdl 64] Double Attack} 62. Kd2 Bb4+ 63. Kc2 Qc4+ {Accuracy: White = 41%, Black = 42%.} 0-1

[Event "EUSA-ch Open 2019"]
[Site "Budapest"]
[Date "2019.07.26"]
[Round "5.3"]
[White "Harutyunian, Tigran K."]
[Black "Shevchenko, Kirill"]
[Result "1-0"]
[WhiteElo "2539"]
[BlackElo "2536"]
[Annotator "TA"]
[PlyCount "67"]
[EventDate "2019.07.23"]
[EventType "team-tourn"]
[EventCountry "HUN"]
[SourceTitle "playchess.com"]
[Source "ChessBase"]
[SourceQuality "1"]

{[%evp 9,67,24,14,20,10,10,20,23,34,25,36,35,22,28,30,31,52,28,90,83,91,41,62,39,44,32,53,37,70,76,58,27,74,90,99,84,85,70,85,52,49,52,50,39,60,0,110,106,98,106,311,302,375,301,292,274,1027,972,1562,1555]} 1. Nf3 Nf6 2. d4 g6 3. Nbd2 d5 4. b4 Bg7 5. e3 O-O 6. Bb2 {D02: 1 d4 d5 2 Nf3 sidelines, including 2...Nf6 3 g3 and 2...Nf6 3 Bf4} a5 (6... c6 7. c4 Nbd7 8. a4 Ne4 9. cxd5 Nxd2 10. Qxd2 cxd5 11. Bd3 Nf6 12. O-O Ne4 13. Qe2 Nd6 14. Rfc1 Bf5 15. Bxf5 gxf5 {1-0 (47) Sargissian,G (2689)-Kovalev,V (2683) St Petersburg 2018}) 7. b5 Nbd7 8. Be2 {The position is equal.} c5 9. bxc6 bxc6 10. O-O c5 11. c4 Bb7 $146 ({Predecessor:} 11... Ba6 12. Rc1 Qb6 13. Ba1 {0-1 (29) Denoth,M (2150)-Rueetschi,U (2266) Switzerland 2003}) 12. Rc1 a4 13. Ba3 dxc4 (13... Rc8 $11) 14. Nxc4 $16 Ne4 15. Qc2 cxd4 16. Nxd4 Bxd4 17. exd4 Ndf6 18. Bf3 {Hoping for Rfe1.} Nd6 19. Bxb7 Nxb7 20. Rfe1 Nd5 21. Ne5 Nd6 22. Nc6 Qd7 {[#]} 23. Qc5 $1 {[%cal Rc5d5]} Nc8 $1 24. g3 Re8 $1 25. Ne5 $36 {[%mdl 2048] White has the initiative.} Qd8 26. Rb1 Nf6 27. Rbc1 (27. Nc6 $14 Qd5 28. Qxd5 Nxd5 29. Bc5) 27... e6 (27... Nd5 $11 {keeps the balance.}) 28. Qc6 Ne7 29. Qf3 Nf5 $2 {[#]} (29... Kg7 $16 {might work better.}) 30. g4 $18 Nxd4 31. Qf4 (31. Qb7 Rf8 $18) 31... h6 {intending ...g5.} 32. Bc5 ({Less strong is} 32. Qxh6 Ra5 $16) 32... Nb5 $2 (32... g5 33. Qxd4 Qxd4 34. Bxd4 Nd5) 33. Rcd1 g5 34. Qf3 {Accuracy: White = 76%, Black = 48%.} 1-0

[Event "EUSA-ch Open 2019"]
[Site "Budapest"]
[Date "2019.07.26"]
[Round "5.4"]
[White "Golubka, Petro"]
[Black "Petrosyan, Tigran S."]
[Result "0-1"]
[WhiteElo "2483"]
[BlackElo "2448"]
[Annotator "TA"]
[PlyCount "70"]
[EventDate "2019.07.23"]
[EventType "team-tourn"]
[EventCountry "HUN"]
[SourceTitle "playchess.com"]
[Source "ChessBase"]
[SourceQuality "1"]

{[%evp 20,102,21,18,28,26,18,-7,10,-24,-14,-39,8,-14,-19,-28,-21,-25,-23,-44,-41,-47,-16,-35,-46,-104,-42,-110,-97,-172,-176,-338,-302,-368,-366,-460,-439,-410,-432,-433,-433,-409,-420,-412,-409,-957,-832,-682,-433,-923,-923,-825,-262,-593,-497,-497,-490,-1511,-2197,-2195,-2014,-29982,-29983,-29981,-2356,-29973,-29975,-29996,-29997,-29997,-1939,-1606,-1680,-1633,-1231,-1347,-1188,-6344,-6279,-6344,-6314,-4336,-1764,-6314,-6187]} 1. e4 e5 2. Nf3 Nc6 3. Bb5 a6 4. Ba4 Nf6 5. O-O Be7 6. Re1 b5 7. Bb3 d6 8. c3 O-O 9. h3 Nb8 10. d3 Nbd7 11. Nbd2 Bb7 {C94: Closed Ruy Lopez: Breyer Variation with 10 d3} 12. Bc2 (12. Nf1 Nc5 13. Bc2 Re8 14. Ng3 Bf8 15. b4 Ncd7 16. a4 h6 17. d4 d5 18. dxe5 Nxe4 19. axb5 axb5 20. Rxa8 Bxa8 21. Bf4 c5 22. bxc5 Bxc5 23. Be3 Nxc3 {½-½ (41) Vidit,S (2707)-Yu,Y (2760) Liaocheng 2018}) 12... Re8 13. b4 Bf8 {[#] The position is equal.} 14. Bb2 $146 ({Predecessor:} 14. Nb3 Rc8 15. Na5 Ba8 16. a3 d5 17. exd5 Nxd5 18. c4 Nf4 19. Bxf4 exf4 20. Rxe8 Qxe8 {½-½ (32) Golubka,P (2503)-Yaniuk,V (2098) Lutsk 2018}) 14... c5 15. a3 cxb4 16. axb4 d5 17. Nb3 Rc8 18. Na5 Ba8 19. Bb3 h6 {[%cal Rd5e4]} 20. Qb1 Qc7 21. Qa2 {[%cal Re4d5]} Nb6 {[%cal Rd5e4,Bd7b6,Bb6d5,Bd5f4][%mdl 32]} 22. Nd2 (22. Qb1 $15) 22... dxe4 ({Better is} 22... Nh5 $17) 23. Nxe4 (23. dxe4 $15 Red8 24. Rad1) 23... Nfd5 $17 24. Rad1 (24. Bc1 $17) 24... Kh8 $19 25. Bxd5 $2 (25. g3 {was necessary.}) 25... Nxd5 ({Weaker is} 25... Bxd5 26. Qb1 $17) 26. Nb3 f5 27. Nec5 Nf4 28. f3 Qf7 29. Bc1 Bxc5+ 30. bxc5 Bd5 31. Qxa6 {intending Bxf4.} Bxb3 32. Rxe5 (32. Bxf4 $142 exf4 33. Rc1 Rxc5 34. d4 Rxe1+ {[%mdl 64] Overworked Piece} 35. Rxe1 Rxc3 36. Qxb5) 32... Bxd1 33. Bxf4 Ra8 34. Qxb5 (34. Rxe8+ $142 Qxe8 35. Qb7) 34... Rxe5 35. Bxe5 {[#]} Bxf3 {Played: Qf7-g6} 0-1

[Event "EUSA-ch Open 2019"]
[Site "Budapest"]
[Date "2019.07.26"]
[Round "5.5"]
[White "Lewicki, Miroslaw"]
[Black "Zaslavsky, Mikhail"]
[Result "1-0"]
[WhiteElo "2351"]
[BlackElo "2405"]
[Annotator "TA"]
[PlyCount "99"]
[EventDate "2019.07.23"]
[EventType "team-tourn"]
[EventCountry "HUN"]
[SourceTitle "playchess.com"]
[Source "ChessBase"]
[SourceQuality "1"]

{[%evp 13,99,4,16,1,8,-7,-3,-14,-10,-37,-35,-16,4,-14,-6,0,0,-58,-54,-96,-54,-54,-68,-74,-33,-43,-43,-56,-50,-74,-54,-131,-146,-213,-223,-220,-226,-252,-242,-250,-235,-256,-257,-284,-301,-381,-381,-370,-384,-388,-352,-391,-369,-401,-121,-125,81,64,661,639,647,654,608,645,624,659,651,656,945,752,757,770,763,756,791,789,788,784,777,777,1296,1297,1231,1222,1134,1129,29978,29979]} 1. e4 c5 2. Nf3 Nc6 3. Bb5 g6 4. O-O Bg7 5. c3 Nf6 6. Re1 O-O 7. d3 d6 8. Nbd2 {B31: Sicilian: 2...Nc6 3 Bb5 g6} Bd7 9. Ba4 (9. a3 Ne5 10. Bxd7 Nfxd7 11. Qe2 Nc6 12. Nf1 Qb6 13. Be3 Qa6 14. Rad1 Rfd8 15. Ng3 e6 {½-½ (23) Bartel,M (2608)-Baklan,V (2600) Biel 2017}) 9... Rb8 10. d4 $146 {The position is equal.} ({Predecessor:} 10. a3 b5 11. Bc2 a5 12. h3 Qc7 13. Rb1 e6 {0-1 (29) Vorobjov,P (2223)-Rogule,L (2295) Parnu 2016}) 10... b5 11. Bb3 cxd4 12. cxd4 e5 13. d5 Na5 14. Bc2 Qc7 15. b4 (15. Bd3 $11) 15... Rfc8 $36 {[%mdl 2048] Black is more active.} 16. Bb3 Nc4 17. a3 a5 18. Nf1 h6 19. h3 Ra8 20. bxa5 Qxa5 21. N1d2 Be8 22. a4 {[#]} (22. Ra2 $15) 22... Nb6 $1 $17 23. Ba3 (23. Nf1 $17 {might work better.}) 23... b4 $19 24. Bb2 Bxa4 (24... Nxa4 25. Nc4 $17) 25. Bxa4 Nxa4 26. Qb3 Qb5 27. Ba3 Rcb8 28. Bb2 Nd7 29. Reb1 Ndc5 30. Qe3 Nd3 31. Ba3 Nc3 32. Rb3 {White hopes to continue with Kh2.} Ra4 {[%mdl 64] aiming for ...Rba8. Pin} 33. Nb1 Qc4 $2 (33... Rc8 $19 {Threatens to win with ...Qa6.} 34. Kh2 Qa6 35. Nxc3 Rxc3 36. Rxc3 bxc3) 34. Nfd2 $17 {[#]} Qd4 $2 (34... Nxd5 $1 $17 35. exd5 (35. Nxc4 $2 {too greedy.} Nxe3 36. Nxe3 Nc5 $19) (35. Qxd3 Qxd3 36. Rxd3 Nf4 $17) 35... Qc2) 35. Nxc3 $16 {Hoping for Qxd4.} bxc3 $4 {[%mdl 8192]} (35... Raa8 $14 36. Rab1 Rxa3 37. Rxa3 Rd8) 36. Rxb8+ $18 Kh7 {Strongly threatening ...Qxe3.} 37. Nb3 Qxe3 38. fxe3 c2 39. Rc8 Nc5 40. Bc1 Rb4 41. Nd2 Bf6 42. Ra2 Bg5 43. Nf3 Rb1 44. Nxg5+ hxg5 45. Rxc2 Nxe4 46. g4 Nf6 47. Rf2 Kg7 48. Rc7 Rb5 {[#]} 49. e4 $1 Rb1 (49... Nxe4 50. Rcxf7+) 50. Kg2 {Accuracy: White = 24%, Black = 45%.} 1-0

[Event "EUSA-ch Open 2019"]
[Site "Budapest"]
[Date "2019.07.26"]
[Round "5.6"]
[White "Galburd, Yan"]
[Black "Molenda, Marcin"]
[Result "0-1"]
[WhiteElo "2429"]
[BlackElo "2387"]
[Annotator "TA"]
[PlyCount "150"]
[EventDate "2019.07.23"]
[EventType "team-tourn"]
[EventCountry "HUN"]
[SourceTitle "playchess.com"]
[Source "ChessBase"]
[SourceQuality "1"]

{[%evp 9,154,-8,0,0,0,-6,9,2,4,-6,17,14,28,23,34,-23,-19,-41,-34,-58,-56,-37,-45,-25,-43,-57,-65,-63,-63,-60,-47,-58,-58,-55,-55,-62,-57,-107,0,-83,-110,-118,-43,-167,-43,-47,-56,-780,0,0,0,-764,0,-126,-125,-157,-124,-108,0,-131,0,-109,0,-132,0,-216,-202,-249,-172,-213,-174,-314,-201,-201,-202,-195,-172,-181,-181,-181,-165,-165,-165,-181,-181,-238,-181,-206,-206,-234,-181,-181,-174,-444,-396,-396,-389,-386,-372,-29978,-29979,-29979,-29980,-29979,-29980,-29980,-29981,-29981,-6126,-29982,-29983,-29984,-29985,-29985,-29986,-29987,-29986,-29986,-29987,-29987,-29988,-29989,-29990,-29991,-29991,-29991,-29992,-29993,-29992,-29992,-29992,-29992,-29992,-29992,-29993,-29993,-29994,-29994,-29994,-29995,-29996,-29996,-29997,-29997,-29998,-29998,-29999]} 1. d4 Nf6 2. Bf4 g6 3. Nc3 d5 4. Nb5 Na6 5. e3 c6 6. Nc3 {A45: Trompowsky Attack} Nc7 7. Nf3 $146 ({Predecessor:} 7. h3 Bg7 {1-0 (55) Aronian,L (2765)-Gabrielian,A (2499) St Petersburg 2018}) 7... Bg7 8. h3 {The position is equal.} O-O 9. Be2 Bf5 10. O-O Ne4 11. Nxe4 Bxe4 12. c4 (12. Nd2 $14) 12... Ne6 $11 13. Bg3 c5 $1 14. Re1 cxd4 15. Nxd4 Nxd4 16. exd4 Qb6 17. cxd5 Bxd5 18. Bf3 Bxf3 19. Qxf3 Qxb2 20. Rab1 Qxa2 21. Rxb7 Bxd4 22. Rexe7 Rae8 23. Red7 Re1+ 24. Kh2 Qa1 {[%csl Ga1][%cal Re1h1]} 25. Bf4 Rh1+ 26. Kg3 Rf1 (26... h5 $1 $19 {aiming for ...Rf1.} 27. Rd5 a5) 27. Be3 $15 Be5+ 28. Bf4 $2 {[%mdl 8192]} (28. Kh4 $15) 28... Bd4 $2 (28... g5 $1 $19 29. Bxe5 Qxe5+ 30. Kg4 Rc1) 29. Be3 $11 Be5+ $2 {[%mdl 8192]} (29... Bxe3 $11 30. Qxe3 a5) 30. Bf4 $19 Bd4 $2 (30... g5 $1 $19 31. Bxe5 Qxe5+ 32. Kg4 Re1) 31. Rxd4 (31. Be3 $11 {was the only way to keep the balance.} Be5+) 31... Qxd4 $17 32. Bh6 {White threatens Qxf7+! and mate.} Qe5+ 33. Kh4 Qd4+ 34. Kg3 {White wants to mate with Qxf7+!} Qe5+ 35. Kh4 $1 Qd4+ 36. Kg3 {Intending Qxf7+! and mate.} Qe5+ ({Black should play} 36... Rd1 $17 {Threatens to win with ...Rd3.} 37. Kh2 (37. Bxf8 $2 Rd3 $19) 37... Rd3) 37. Bf4 $2 (37. Kh4 $1 $11 {and White is okay.}) 37... Qf6 $19 38. Qe3 Rd1 39. Kh2 Qd4 40. Qf3 (40. Rxa7 $142 Qxe3 41. Bxe3) 40... Qd5 41. Qxd5 Rxd5 42. Rxa7 {[%mdl 4096] Endgame KRR-KRB} Kg7 43. Bc1 g5 44. g4 Kg6 45. Ra6+ {[#]} f6 $1 46. Ba3 {[#]} Rf7 $1 47. Ra8 (47. Rb6 $142) 47... Rd3 48. Bc5 h5 49. Ra6 hxg4 50. hxg4 Rfd7 51. Bf8 $2 (51. Ra4 {might work better.}) 51... Rf3 52. Bc5 {intending Be3.} Rf4 53. Kg3 Rd1 {White must now prevent ...Rg1+.} 54. Be3 $2 (54. Kg2 $19) 54... Rg1+ 55. Kh2 Rfxg4 56. f3 R4g2+ 57. Kh3 Rg3+ {[%mdl 64] Double Attack} 58. Kh2 R1g2+ 59. Kh1 Re2 {Black mates.} 60. Bd4 Rxf3 61. Ra1 g4 62. Kg1 Rd3 63. Bf2 g3 64. Be1 Rde3 65. Bb4 Kg5 66. Ra5+ f5 67. Ra1 Kg4 68. Ra8 Kf3 69. Ra1 f4 70. Rf1+ Rf2 71. Rc1 Ree2 72. Rc3+ Kg4 {[%cal Re2e1]} 73. Rc8 Rc2 74. Rg8+ Kf3 75. Re8 Rg2+ 0-1

[Event "EUSA-ch Open 2019"]
[Site "Budapest"]
[Date "2019.07.26"]
[Round "6.1"]
[White "Harutyunian, Tigran K."]
[Black "Chigaev, Maksim"]
[Result "1/2-1/2"]
[WhiteElo "2539"]
[BlackElo "2640"]
[Annotator "TA"]
[PlyCount "220"]
[EventDate "2019.07.23"]
[EventType "team-tourn"]
[EventCountry "HUN"]
[SourceTitle "playchess.com"]
[Source "ChessBase"]
[SourceQuality "1"]

{[%evp 20,220,40,40,62,60,65,54,58,73,58,67,100,91,100,92,90,97,104,91,97,96,98,91,62,63,103,60,81,12,56,48,102,102,102,102,102,93,93,93,102,102,101,71,78,0,0,0,0,-29,0,0,-2,-41,-43,-34,-34,-31,-31,-56,-56,-58,-59,-70,0,0,0,0,0,0,0,-8,0,0,0,0,0,0,0,0,0,0,0,-8,-8,-8,-8,-8,-8,-8,-7,-7,-7,-7,-7,-7,-7,-7,-7,-7,-7,-7,-7,-7,-7,-7,-7,-7,-7,-7,-7,-7,-7,-7,-7,-7,-7,-7,-7,-7,-7,-7,-7,-7,-7,-7,-7,-7,-7,-7,-7,-7,-7,-7,0,0,0,0,0,-7,0,0,0,0,0,0,0,0,0,0,0,0,0,0,0,0,0,0,0,0,0,0,0,0,0,0,0,0,0,0,0,0,0,0,0,0,0,0,0,0,0,0,0,0,0,0,0,0,0,0,0,0,0,0,0,0,0,0,0,0,0,0,0]} 1. Nf3 Nf6 2. d4 g6 3. c4 Bg7 4. g3 O-O 5. Bg2 d5 6. O-O Nc6 7. Na3 dxc4 8. Nxc4 Be6 9. b3 a5 10. Bb2 Bd5 11. Rc1 Bh6 {D77: Fianchetto Grünfeld: 6 0-0: Replies other than 6...c6} (11... a4 12. bxa4 b6 13. e3 e6 14. Nfd2 Bxg2 15. Kxg2 Nd5 16. Qb3 Na5 17. Nxa5 Rxa5 18. Nc4 Ra6 19. e4 Ne7 20. Rfd1 {1-0 (68) Vachier Lagrave,M (2779)-Dominguez Perez,L (2739) chess.com INT 2018}) 12. e3 $1 Bg7 $146 ({Predecessor:} 12... Ra6 13. a4 Re8 14. Re1 Nb4 15. Bf1 Ne4 16. Nfe5 f5 17. f3 Nf6 18. Na3 Ra8 19. Nb5 {0-1 (43) Afyoncu,O (2028)-Polatel,A (2159) Konya 2016}) 13. a4 Qc8 {White is slightly better.} 14. Qe2 Rd8 15. Rfd1 h6 16. Nfe5 Bxg2 17. Kxg2 Nxe5 18. dxe5 Rxd1 19. Qxd1 Ne4 20. Qd5 Ng5 21. h4 c6 22. Qd1 Qh3+ 23. Kg1 Ne6 24. Qf1 (24. Qd7 $16) 24... Qxf1+ (24... Qf5 {feels hotter.} 25. Qe2 h5 26. Ba3 Bxe5 27. Bxe7 Re8) 25. Kxf1 Nc5 ({Better is} 25... Ra6 $14) 26. Nb6 $16 Ra6 27. Rxc5 Rxb6 28. Rxa5 Rxb3 {[%mdl 4096] Endgame KRB-KRB} 29. Bd4 e6 30. Ra8+ Kh7 31. a5 Rb5 32. Bb6 (32. f4 $16) 32... Bxe5 $11 33. Ra7 Bc3 $1 34. Ke2 Kg7 35. Kd3 Bb4 36. Rxb7 Bxa5 37. Bd4+ Kf8 38. Ra7 Bb6 39. Bxb6 Rxb6 $15 {KR-KR} 40. e4 Rb3+ 41. Ke2 h5 (41... Kg7 $15) 42. Rc7 $11 {The position is equal.} Rb2+ 43. Ke3 Rc2 44. e5 Kg7 45. Rc8 c5 46. f4 c4 47. Kf3 Rc1 48. Kf2 c3 49. Kg2 c2 50. Kh2 {[#]} g5 $1 {[%mdl 512]} 51. hxg5 (51. fxg5 Kg6) 51... Kg6 52. Rc7 {[#]} h4 $1 {[%mdl 512]} 53. gxh4 Kh5 54. Rc4 Rf1 55. Rxc2 Rxf4 56. Kg3 Rg4+ 57. Kf3 Rxh4 58. Ke3 Kxg5 59. Rf2 Kg6 60. Rg2+ Kh7 61. Rg1 $1 Kh6 62. Rg2 Rh5 63. Ke4 Rg5 64. Rf2 Rg4+ 65. Ke3 Kg7 66. Rf1 Ra4 67. Rf2 Kf8 68. Rf1 Ke7 69. Rf2 Ke8 70. Rf1 Rc4 71. Rf2 Rc5 72. Ke4 Rd5 73. Rf1 Rd7 74. Rf2 Kd8 75. Rc2 Rc7 76. Rf2 Kc8 77. Rf1 Kb7 78. Rb1+ Kc6 79. Rc1+ Kb6 80. Rb1+ Ka5 81. Kf4 Rc2 82. Rb7 Ka6 83. Rb8 Ka7 84. Rb1 Rf2+ 85. Ke4 Ka6 86. Rb8 Ka5 87. Rb7 Ka4 88. Ke3 Rf5 89. Ke4 Ka3 90. Rb8 Ka2 91. Rb7 Rf1 92. Rb8 Ka3 93. Rb7 Rf5 94. Rb8 Rf2 95. Rb7 Ka4 96. Ke3 Rf5 97. Ke4 Ka5 98. Rb1 Ka6 99. Rb2 Rf1 100. Rb8 Ka7 101. Rb2 $1 Rg1 102. Ke3 Rg5 103. Ke4 Rg8 104. Rf2 Rg4+ 105. Ke3 Rg7 106. Rb2 Ka6 107. Ke4 Ka5 108. Kf4 Rg1 109. Ke4 Rg4+ 110. Ke3 Rg5 {Accuracy: White = 78%, Black = 77%.} 1/2-1/2

[Event "EUSA-ch Open 2019"]
[Site "Budapest"]
[Date "2019.07.26"]
[Round "6.2"]
[White "Predke, Alexandr"]
[Black "Petrosyan, Tigran S."]
[Result "1/2-1/2"]
[WhiteElo "2632"]
[BlackElo "2448"]
[Annotator "TA"]
[PlyCount "138"]
[EventDate "2019.07.23"]
[EventType "team-tourn"]
[EventCountry "HUN"]
[SourceTitle "playchess.com"]
[Source "ChessBase"]
[SourceQuality "1"]

{[%evp 23,138,22,45,34,63,31,27,16,23,28,27,22,28,14,8,10,18,-16,-16,-10,-15,-19,-16,-6,0,-6,0,0,0,0,12,9,12,12,13,8,18,14,14,14,14,14,14,10,32,5,8,8,11,0,0,0,0,0,0,0,0,0,0,0,0,0,0,0,0,0,0,0,0,0,0,0,0,0,0,0,0,0,0,0,0,0,0,0,0,0,0,0,0,0,0,0,0,0,0,0,0,0,0,0,0,0,0,0,0,0,0,0,0,0,0,0,0,0,0,0,0]} 1. e4 e5 2. Nf3 Nc6 3. Bb5 a6 4. Ba4 Nf6 5. O-O Be7 6. Re1 b5 7. Bb3 d6 8. a4 Rb8 9. axb5 axb5 10. c3 O-O 11. d4 exd4 12. cxd4 Bg4 13. Nc3 {C88: Closed Ruy Lopez: Anti-Marshall Systems} Bxf3 (13... Qd7 14. d5 Bxf3 15. gxf3 Ne5 16. f4 Qh3 17. Re3 Qh4 18. fxe5 Ng4 19. Qf3 Qxh2+ 20. Kf1 Nxe3+ 21. Bxe3 Qxe5 {1-0 (42) Volokitin,A (2634)-Votava,J (2529) Austria 2019}) 14. gxf3 Nb4 15. f4 $146 {White has an edge.} ({Predecessor:} 15. Bf4 Nh5 16. Be3 Bg5 17. Kh1 Bxe3 18. fxe3 c5 19. f4 Qh4 20. Rg1 c4 {1-0 (38) Royset,P (2213)-Arvola,B (2080) Tromsoe 2008}) 15... c5 $1 16. dxc5 dxc5 17. e5 Ne8 18. Qxd8 Bxd8 19. Be3 c4 $1 {[%cal Rc4b3]} 20. Bc5 Nd3 21. Bxf8 Nxe1 22. Rxe1 Kxf8 23. Bc2 Ba5 {[#] ...b4 is the strong threat.} 24. Rd1 ({But not} 24. Bxh7 $2 g6 $17) 24... Bxc3 25. bxc3 $11 {[%mdl 4096] Endgame KRB-KRN} Nc7 26. f5 Ke7 27. Be4 {And now Bc6 would win.} Rb6 28. Kg2 Na6 29. Ra1 f6 30. f4 g6 31. Kf3 fxe5 32. fxe5 {Hoping for f6+.} gxf5 33. Bxf5 b4 34. cxb4 Nxb4 {The position is equal.} 35. Ra7+ Kf8 36. e6 Nc6 37. Rf7+ Ke8 {White must now prevent ...Ne5+.} 38. Rxh7 {Strongly threatening Bg6+.} Nd4+ {[%mdl 64] [#] Discovered Attack} 39. Ke4 {Bg6+ would kill now.} Nxf5 40. Kxf5 {aiming for Kf6. KR-KR} Rb2 41. h4 Rf2+ 42. Ke5 {Black should prevent Rc7.} c3 43. Rc7 c2 44. h5 Re2+ 45. Kf6 {[%cal Rc7c8]} Rf2+ 46. Kg6 Rg2+ 47. Kf5 Rf2+ 48. Kg5 Rg2+ 49. Kf4 Rf2+ 50. Kg3 Re2 51. Kh4 Rxe6 52. Rxc2 {White wants to play Rf2.} Kf7 53. Rg2 Ra6 54. Rg4 Rb6 55. Rg3 Ra6 56. Rg4 Rb6 57. Kg3 Ra6 58. Rg5 Ra3+ 59. Kh4 Ra4+ 60. Kg3 Ra3+ 61. Kf4 Ra4+ 62. Ke3 Ra3+ 63. Kd4 Ra4+ 64. Kd3 Ra3+ 65. Kc4 Ra4+ 66. Kb5 Rh4 67. Kc5 Kf6 68. Rd5 Kg7 69. Kd6 Kh6 {Accuracy: White = 53%, Black = 84%.} 1/2-1/2